| 000 | 00819nac a22001691u 4500 | ||
|---|---|---|---|
| 008 | 080902s su|||||r|||| 000 0 ara d | ||
| 020 | _a9775224039 | ||
| 082 |
_a210 _bز ن ي _222 |
||
| 110 |
_aAl Maahad Al Alamey Lel Fekr Al Islamey _916352 |
||
| 245 |
_aمصادر المعرفة : _bفي الفكر الديني والفلسفي : دراسة نقدية في ضوء الإسلام / _cتأليف عبد الرحمن بن زيد الزنيدي ؛ تقديم عمر بن عبد الله بن عودة الخطيب |
||
| 260 |
_aالرياض : _bمكتبة المؤيد ، 1992 _c1992. |
||
| 300 |
_a655 ص ؛ _c24 سم . |
||
| 504 | _aيحتوي علي ارجاعات ببليوجرافية ص 627-648 | ||
| 511 | _aCatalogued by: Sara | ||
| 650 |
_aالإسلام - فلسفة _915693 |
||
| 942 |
_cBB _k210.1ز ن ي _2ddc |
||
| 999 |
_c6471 _d6471 |
||